000
00214nam a2200097Ia 4500
008
220204s9999 xx 000 0 und d
082
_a
82-3
_b
SET
100
_a
Seton, Anya
245
0
_a
Hearth and eagle
942
_c
BK
999
_c
35242
_d
35242